000 00506nam a2200181Ia 4500
005 20250508154440.0
008 008 250505s9999 xx 000 0 eng d
037 _aTextual
040 _aFEDL
_beng
_cFEDL
041 _aeng
_2eng
084 _a153.15, MOW
_qFEDL
100 _aMowrer O. Hobart
_983752
245 0 _aLearning theory and behavior
260 _aNew York, USA
_bJohn Wiley and Sons
_c1960
300 _axii,555p
942 _cTEXL
_h153.15, MOW
999 _c1350313
_d1350313